| 000 | 01195nam a22003377a 4500 | ||
|---|---|---|---|
| 001 | 000089471 | ||
| 003 | CHAP | ||
| 005 | 20220329142632.0 | ||
| 008 | 020628d2001 mx ad r 00110 spa d | ||
| 010 | _a85940 | ||
| 011 | _a86912 | ||
| 035 | _a97452 | ||
| 040 | _cCHAP | ||
| 090 | _aFolleto 16455 | ||
| 110 | 2 |
_aUACH. Departamento de Agroecología _9115853 |
|
| 245 | 1 | 0 |
_aInforme de las actividades más relevantes realizadas por la administración y su comunidad, (2 do.) : _b(resumen) / _cpor UACH. Departamento de Agroecología. |
| 260 |
_aChapingo, Méx. : _bUACH. Departamento de Agroecología, _c2001. |
||
| 300 |
_a35 p. : _bilus. ; cuadros. |
||
| 590 |
_aBATCH-UPD _b10 _c20130110 _lUCH01 _h1619 |
||
| 590 |
_aBATCH-UPD _b10 _c20130410 _lUCH01 _h1013 |
||
| 590 |
_aBATCH-UPD _b10 _c20130914 _lUCH01 _h2058 |
||
| 590 |
_aCONVERSION _b10 _c20130109 _lUCH01 _h1348 |
||
| 590 |
_aE5995AHE _b05 _c20150213 _lUCH01 _h1439 |
||
| 650 | 1 | 4 |
_aUniversidades _xAdministración. _9116596 |
| 650 | 1 | 4 |
_aUniversidades _xFinanzas. _9116622 |
| 901 | _aBK | ||
| 905 | _aMarco A. Mendoza T. | ||
| 942 | _cFOLL | ||
| 942 | _n0 | ||
| 949 |
_aFolleto 16455 _bBC _cUACH _d33724002011149 _eUACH _gDonaciØn _i97452 _sb |
||
| 999 |
_c85940 _d85940 |
||